| 000 | 00964nam a2200277Ia 4500 | ||
|---|---|---|---|
| 003 | OSt | ||
| 005 | 20221005105435.0 | ||
| 006 | a|||||r|||| 00| 0 | ||
| 007 | ta | ||
| 008 | 221004b |||||||| |||| 00| 0 hin d | ||
| 020 |
_a8177830503 (hbk) _c300 |
||
| 024 | _a8542 | ||
| 037 |
_b282, 08/01/2014, Eastern Book Linkers _cTextual |
||
| 040 |
_aCRL _cCRL _bhin |
||
| 041 |
_2hin _ahin |
||
| 082 | _a4,1, 152P3 | ||
| 100 | _aपचौरी, सुधीश | ||
| 245 | 0 | _aसाइबर स्पेस और मीडिया | |
| 246 | _aSāibar spes aur mīḍiyā | ||
| 260 |
_aनई दिल्ली _bप्रवीण प्रकाशन _c2003 |
||
| 300 |
_a272पृ0 _ccm. |
||
| 490 | _aFYUP Journalism DC-1 | ||
| 650 | _aहिन्दी पत्रकारिता | ||
| 942 |
_h4,1, 152P3 _cTEXL _2cc |
||
| 999 |
_c1015823 _d1015823 |
||